Historical atlas of South-East Asia (Record no. 23372)
[ view plain ]
| 000 -LEADER | |
|---|---|
| fixed length control field | 00477cem a2200145 4500 |
| 020 ## - INTERNATIONAL STANDARD BOOK NUMBER | |
| ISBN | 9004102388 (cloth : alk. paper) |
| 082 00 - DEWEY DECIMAL CLASSIFICATION NUMBER | |
| Classification number | 911.59 |
| Author Cutter | PLU |
| 100 1# - MAIN ENTRY--AUTHOR NAME | |
| Author name | Pluvier, Jan M. |
| 245 10 - TITLE STATEMENT | |
| Title | Historical atlas of South-East Asia |
| 260 ## - PUBLICATION, DISTRIBUTION, ETC. (IMPRINT) | |
| Place of publication | New York : |
| Name of publisher | E.J. Brill, |
| Year of publication | 1995. |
| 300 ## - PHYSICAL DESCRIPTION | |
| Number of Pages | 1 atlas (83, 64 p.) : |
| Other physical details | col. maps ; |
| 490 1# - SERIES STATEMENT | |
| Series statement | Handbuch der Orientalistik. Dritte Abteilung, Südöstasien, |
| -- | Handbook of oriental studies. South-East Asia |
| 942 ## - ADDED ENTRY ELEMENTS (KOHA) | |
| Koha item type | Books |
| Home library | Current library | Shelving location | Date acquired | Source of acquisition | Full call number | Accession Number | Koha item type |
|---|---|---|---|---|---|---|---|
| Henry Martyn Institute Library | Henry Martyn Institute Library | General stacks | 09/14/2023 | Netherlands | 911.59 PLU | 11-4767 | Books |
